[Event "Amber-blind 10th"]
[Site "Monte Carlo"]
[Date "2001.03.17"]
[Round "1"]
[White "Leko, Peter"]
[Black "Ivanchuk, Vassily"]
[Result "1-0"]
[WhiteElo "2745"]
[BlackElo "2717"]
[PlyCount "71"]
[EventDate "2001.03.17"]
[Source "ChessBase"]
[SourceDate "2001.05.06"]

1. e4 c5 2. Nf3 d6 3. d4 cxd4 4. Nxd4 Nf6 5. Nc3 a6 6. Bg5 e6 7. f4 b5 8. e5 dxe5 9. fxe5 Qc7 10. exf6 Qe5+ 11. Be2 Qxg5 12. O-O Qe5 13. Nf3 Qe3+ 14. Kh1 Nd7 15. Re1 Qa7 16. fxg7 Bxg7 17. Qd6 Qb6 18. Qg3 O-O 19. Rad1 Ra7 20. Ne4 Qc7 21. Nd6 Bb7 22. Ng5 Bd5 23. Bf3 Bxf3 24. gxf3 Qxc2 25. Rg1 Qxb2 26. Qh3 Nf6 27. Rg2 Qe5 28. Rdg1 Kh8 29. Nde4 Qf5 30. Qh4 h6 31. Nxf6 Qxf6 32. Rg4 Rc7 33. Qg3 Qe5 34. f4 Qd5+ 35. Nf3 Rg8 36. Rxg7 1-0

[Event "Bugojno"]
[Site "Bugojno"]
[Date "1980.??.??"]
[Round "11"]
[White "Kavalek, Lubomir"]
[Black "Polugaevsky, Lev"]
[Result "1/2-1/2"]
[WhiteElo "2600"]
[BlackElo "2635"]
[PlyCount "43"]
[EventDate "1980.05.??"]
[Source "ChessBase"]

1. e4 c5 2. Nf3 d6 3. d4 cxd4 4. Nxd4 Nf6 5. Nc3 a6 6. Bg5 e6 7. f4 b5 8. e5 dxe5 9. fxe5 Qc7 10. exf6 Qe5+ 11. Be2 Qxg5 12. O-O Qe5 13. Bh5 g6 14. Bf3 Ra7 15. Ne4 Rd7 16. c3 Bb7 17. Ng3 Bxf3 18. Qxf3 Bc5 19. Kh1 Bxd4 20. cxd4 Rxd4 21. Rae1 Qd5 22. a3 1/2-1/2

[Event "It (cat.14)"]
[Site "Wijk aan Zee (Netherlands)"]
[Date "2007.01.21"]
[Round "8"]
[White "Jakovenko Dmitry (RUS)"]
[Black "Smeets Jan (NED)"]
[Result "1-0"]
[WhiteElo "2691"]
[BlackElo "2538"]
[PlyCount "93"]
[EventDate "2007.??.??"]
[Source "www.chesslib.no"]
[SourceDate "2004.05.04"]

1. e4 c5 2. Nf3 d6 3. d4 Nf6 4. Nc3 cxd4 5. Nxd4 a6 6. Bg5 e6 7. f4 b5 8. e5 dxe5 9. fxe5 Qc7 10. exf6 Qe5+ 11. Be2 Qxg5 12. O-O gxf6 13. Ne4 Qe3+ 14. Kh1 Be7 15. Nxf6+ Bxf6 16. Rxf6 Nd7 17. Rf3 Qg5 18. Rg3 Qf4 19. Qd3 Bb7 20. Rf1 Qe4 21. Bh5 Qxd3 22. Bxf7+ Ke7 23. cxd3 Bd5 24. Bxe6 Bxe6 25. Re3 Nc5 26. Nxe6 Nxe6 27. Rfe1 Rhd8 28. Rxe6+ Kf7 29. Re7+ Kg8 30. R1e3 Rac8 31. h3 Rc2 32. Rg3+ Kh8 33. Ra7 Rxb2 34. Rxa6 Rd2 35. Ra7 Rg8 36. Rxg8+ Kxg8 37. Ra3 Kg7 38. Rb3 Rxa2 39. Rxb5 Re2 40. Rd5 Kg6 41. Kh2 Re3 42. g4 Rf3 43. Kg2 Re3 44. h4 h6 45. Rd6+ Kh7 46. h5 Kg7 47. Kf2 1-0

[Event "Moscow RUS"]
[Site "Moscow RUS"]
[Date "1991.??.??"]
[Round "?"]
[White "Yudasin, Leonid G"]
[Black "Novikov, Igor A"]
[Result "0-1"]
[WhiteElo "2645"]
[BlackElo "2550"]
[PlyCount "67"]
[EventDate "1991.??.??"]
[Source "www.chesslib.no"]
[SourceDate "2004.05.04"]

1. e4 c5 2. Nf3 d6 3. d4 cxd4 4. Nxd4 Nf6 5. Nc3 a6 6. Bg5 e6 7. f4 b5 8. Qf3 Nbd7 9. O-O-O Bb7 10. a3 Qb6 11. Qh3 Rc8 12. Nxe6 fxe6 13. Qxe6+ Be7 14. Bxf6 gxf6 15. Be2 Rxc3 16. Bh5+ Kd8 17. bxc3 Qe3+ 18. Kb2 Qxe4 19. Rhe1 Qxe6 20. Rxe6 Nc5 21. Re3 f5 22. g3 Ne4 23. h3 d5 24. g4 Bc5 25. Ree1 Ke7 26. gxf5 Kf6 27. Bf3 Re8 28. Bg4 Bc6 29. Rf1 Rh8 30. Rd3 h5 31. Bf3 Kxf5 32. Bxe4+ dxe4 33. Rg3 Be7 34. Rg6 0-1

[Event "AVRO"]
[Site "Hilversum"]
[Date "1973.??.??"]
[Round "7"]
[White "Ljubojevic, Ljubomir"]
[Black "Polugaevsky, Lev"]
[Result "1/2-1/2"]
[WhiteElo "2550"]
[BlackElo "2645"]
[PlyCount "65"]
[EventDate "1973.??.??"]
[Source "ChessBase"]

1. e4 c5 2. Nf3 d6 3. d4 cxd4 4. Nxd4 Nf6 5. Nc3 a6 6. Bg5 e6 7. f4 b5 8. e5 dxe5 9. fxe5 Qc7 10. exf6 Qe5+ 11. Be2 Qxg5 12. Qd3 Qxf6 13. Rf1 Qe5 14. Rd1 Ra7 15. Nf3 Qc7 16. Ne5 Be7 17. Nxf7 O-O 18. Nd6 Rxf1+ 19. Kxf1 Bd7 20. Nce4 Nc6 21. g3 Nd8 22. c4 bxc4 23. Qxc4 Qxc4 24. Bxc4 Nf7 25. Ke2 Nxd6 26. Nxd6 Kf8 27. b3 a5 28. a4 Rc7 29. Nb5 Rb7 30. Rd3 Bc5 31. Nd6 Rc7 32. Ne4 Ke7 33. Nxc5 1/2-1/2

[Event "Groningen"]
[Site "?"]
[Date "1993.??.??"]
[Round "?"]
[White "Wolff, P."]
[Black "Polugaevsky, L."]
[Result "1/2-1/2"]
[WhiteElo "2585"]
[BlackElo "2605"]
[PlyCount "131"]
[EventDate "1993.??.??"]
[Source "ChessBase"]
[SourceDate "1993.10.01"]

1. e4 c5 2. Nf3 d6 3. d4 cxd4 4. Nxd4 Nf6 5. Nc3 a6 6. Bg5 e6 7. f4 b5 8. e5 dxe5 9. fxe5 Qc7 10. exf6 Qe5+ 11. Be2 Qxg5 12. Qd3 Qxf6 13. Rf1 Qe5 14. Rd1 Ra7 15. Ndxb5 Rd7 16. Qc4 Kd8 17. Nd4 Bd6 18. Nf3 Qa5 19. a3 f6 20. Nd4 Re8 21. g3 Qe5 22. Rf3 Bb7 23. Rfd3 Ke7 24. Nf3 Bxf3 25. Rxf3 Red8 26. Rfd3 f5 27. Qh4+ Kf7 28. Qxh7 Bxa3 29. Qh5+ Kf8 30. Qh8+ Kf7 31. Rxd7+ Rxd7 32. Rxd7+ Nxd7 33. Qc8 Nc5 34. Nd1 Bb4+ 35. c3 Ba5 36. b4 Nd3+ 37. Kf1 Nc1 38. Qxa6 Bc7 39. Qc4 Bb6 40. Bf3 g5 41. Qc6 Bd8 42. Qd7+ Be7 43. Qd2 Nb3 44. Qc2 Qb5+ 45. Kg2 Qa4 46. g4 Nc5 47. Qb1 Qb5 48. gxf5 Nd3 49. fxe6+ Kxe6 50. Ne3 Nf4+ 51. Kf2 Nd3+ 52. Kg1 Nf4 53. Qe4+ Kd7 54. Nc4 Bf6 55. Qh7+ Kd8 56. Qf7 Bxc3 57. Qf8+ Qe8 58. Qd6+ Qd7 59. Qf8+ Qe8 60. Qd6+ Qd7 61. Qb6+ Qc7 62. Qa5 Qxa5 63. bxa5 Kc7 64. Kf2 Nd3+ 65. Kg3 Ne5 66. Nxe5 1/2-1/2

[Event "Manila Interzonal"]
[Site "Manila"]
[Date "1976.??.??"]
[Round "4"]
[White "Quinteros, Miguel Angel"]
[Black "Polugaevsky, Lev"]
[Result "0-1"]
[WhiteElo "2540"]
[BlackElo "2635"]
[PlyCount "111"]
[EventDate "1976.07.??"]
[Source "ChessBase"]

1. e4 c5 2. Nf3 d6 3. d4 cxd4 4. Nxd4 Nf6 5. Nc3 a6 6. Bg5 e6 7. f4 b5 8. e5 dxe5 9. fxe5 Qc7 10. Qe2 Nfd7 11. O-O-O Bb7 12. Qh5 g6 13. Qh4 Bg7 14. Be7 Qxe5 15. Bxb5 Qh5 16. Bxd7+ Nxd7 17. Qxh5 gxh5 18. Bg5 Rg8 19. Bh4 Be5 20. Bg3 Bxg2 21. Rhe1 Bxg3 22. hxg3 Rxg3 23. Nf5 Rg6 24. Nd6+ Ke7 25. Nf5+ Kd8 26. Nh4 Rg4 27. Nxg2 Rxg2 28. Rh1 Ke7 29. Rxh5 Nf6 30. Rh6 Rag8 31. b4 Ng4 32. Rh4 Rc8 33. Rd2 Ne3 34. Rxg2 Nxg2 35. Rh2 Nf4 36. Kb2 h5 37. Kb3 f5 38. a4 e5 39. a5 e4 40. Rh4 Ne6 41. Rxh5 Nd4+ 42. Kb2 Rc4 43. Nd5+ Ke6 44. Ne3 Rxb4+ 45. Kc3 Ra4 46. Rh6+ Ke5 47. Rxa6 f4 48. Ng4+ Kf5 49. Nh6+ Kg5 50. Nf7+ Kg4 51. Ne5+ Kf5 52. Nc4 e3 53. Nd6+ Kg4 54. Ra8 e2 55. Rg8+ Kh3 56. Kd2 0-1

[Event "Reykjavik op"]
[Site "Reykjavik"]
[Date "1990.??.??"]
[Round "9"]
[White "De Firmian, Nick E"]
[Black "Polugaevsky, Lev"]
[Result "1/2-1/2"]
[WhiteElo "2565"]
[BlackElo "2610"]
[PlyCount "29"]
[EventDate "1990.03.??"]
[Source "ChessBase"]

1. e4 c5 2. Nf3 d6 3. d4 cxd4 4. Nxd4 Nf6 5. Nc3 a6 6. Bg5 e6 7. f4 b5 8. e5 dxe5 9. fxe5 Qc7 10. Qe2 Nfd7 11. O-O-O Nc6 12. Nxc6 Qxc6 13. Qd3 h6 14. Bh4 Bb7 15. Be2 1/2-1/2

[Event "LXI Lega superiore camp. russo"]
[Site "Novokuznetsk RUS"]
[Date "2008.09.12"]
[Round "9"]
[White "Chuprov, D."]
[Black "Shomoev, A."]
[Result "1/2-1/2"]
[WhiteElo "2577"]
[BlackElo "2566"]
[PlyCount "99"]
[EventDate "2008.09.03"]
[Source "www.chesslib.no"]
[SourceDate "2004.05.04"]

1. e4 c5 2. Nf3 d6 3. d4 cxd4 4. Nxd4 Nf6 5. Nc3 a6 6. Bg5 e6 7. f4 b5 8. e5 dxe5 9. fxe5 Qc7 10. exf6 Qe5+ 11. Be2 Qxg5 12. O-O Qe5 13. Nf3 Qe3+ 14. Kh1 Nd7 15. Re1 Qb6 16. fxg7 Bxg7 17. Ne4 O-O 18. c3 Bb7 19. Qc2 Rad8 20. Rad1 h6 21. Ng3 Bxf3 22. Bxf3 Nf6 23. Qe2 Rxd1 24. Rxd1 Rd8 25. Rxd8+ Qxd8 26. a3 Qd6 27. Kg1 Qf4 28. Qd1 Bf8 29. Nh5 Nxh5 30. Bxh5 Bc5+ 31. Kh1 Qf2 32. Be2 Be3 33. Qf1 Qxf1+ 34. Bxf1 Bc1 35. c4 Bxb2 36. cxb5 axb5 37. Bxb5 Bxa3 38. Kg1 h5 39. Kf2 Bd6 40. h3 h4 41. Ke2 f5 42. Bd7 Kf7 43. Bc8 Kf6 44. Bd7 e5 45. Bc8 e4 46. Bd7 Ke5 47. Bc8 f4 48. Bb7 f3+ 49. gxf3 exf3+ 50. Kxf3 1/2-1/2

[Event "Monarch Assurance op 11th"]
[Site "Port Erin"]
[Date "2002.10.03"]
[Round "6"]
[White "Sulskis, Sarunas"]
[Black "Stocek, Jiri"]
[Result "1-0"]
[WhiteElo "2576"]
[BlackElo "2555"]
[PlyCount "105"]
[EventDate "2002.09.28"]
[Source "ChessBase"]
[SourceDate "2002.11.06"]

1. e4 c5 2. Nf3 d6 3. d4 cxd4 4. Nxd4 Nf6 5. Nc3 a6 6. Bg5 e6 7. f4 b5 8. e5 dxe5 9. fxe5 Qc7 10. exf6 Qe5+ 11. Be2 Qxg5 12. O-O Ra7 13. Qd3 Rd7 14. Ne4 Qd5 15. c3 Nc6 16. Nxc6 Qxc6 17. Qe3 Bb7 18. Bf3 Qc4 19. Kh1 Rg8 20. Rad1 Bxe4 21. Bxe4 gxf6 22. Qf3 Rxd1 23. Rxd1 f5 24. Bxf5 Qc7 25. Qa8+ Ke7 26. Be4 f5 27. Bf3 Qb6 28. Qc8 Kf6 29. Rd7 Qf2 30. Qd8+ Kg6 31. Qe8+ Kg5 32. Rd1 Kf6 33. Qd8+ Kg6 34. b3 Qe3 35. h3 Qe5 36. Qc8 a5 37. Qe8+ Kg7 38. Bh5 Kh8 39. Bf7 Qe2 40. Rg1 Qe5 41. Bxg8 Kxg8 42. Rd1 Qe2 43. Qd7 h6 44. Qd2 Qe4 45. Qe1 Qc6 46. c4 bxc4 47. Rc1 Bb4 48. Qg3+ Kf7 49. Rxc4 Qd5 50. Rc7+ Be7 51. Qe1 Ke8 52. Ra7 Bd8 53. Qg3 1-0

[Event "Olimpiadi 2008 - open"]
[Site "Dresda GER"]
[Date "2008.11.23"]
[Round "10"]
[White "Geetha Narayanan, G."]
[Black "Stocek, J."]
[Result "1-0"]
[WhiteElo "2548"]
[BlackElo "2578"]
[PlyCount "67"]
[EventDate "2008.11.13"]
[Source "www.chesslib.no"]
[SourceDate "2004.05.04"]

1. e4 c5 2. Nf3 d6 3. d4 cxd4 4. Nxd4 Nf6 5. Nc3 a6 6. Bg5 e6 7. f4 b5 8. e5 dxe5 9. fxe5 Qc7 10. exf6 Qe5+ 11. Be2 Qxg5 12. O-O Qe5 13. Kh1 Ra7 14. Nf3 Qxf6 15. a4 b4 16. Ne4 Qd8 17. Qe1 Nc6 18. Qf2 f5 19. Ne5 Nxe5 20. Qxa7 fxe4 21. Bxa6 Bxa6 22. Qxa6 Bd6 23. Rad1 Ke7 24. Qb7+ Qc7 25. Qxe4 Qc4 26. Qe3 h6 27. h3 Qxc2 28. Rxd6 Kxd6 29. Qd4+ Ke7 30. Qxb4+ Kd7 31. Qd4+ Kc8 32. Qxe5 Qc7 33. Qxe6+ Kb8 34. Rf7 1-0

[Event "Leeuwarden Open"]
[Site "Leeuwarden NED"]
[Date "1992.??.??"]
[Round "7"]
[White "Van der Wiel, John T H"]
[Black "Van Wely, Loek"]
[Result "1-0"]
[WhiteElo "2540"]
[BlackElo "2560"]
[PlyCount "43"]
[EventDate "1992.08.??"]
[Source "www.chesslib.no"]
[SourceDate "2004.05.04"]

1. e4 c5 2. Nf3 d6 3. d4 cxd4 4. Nxd4 Nf6 5. Nc3 a6 6. Bg5 e6 7. f4 b5 8. e5 dxe5 9. fxe5 Qc7 10. Bxb5+ axb5 11. exf6 Qe5+ 12. Qe2 Qxg5 13. Ndxb5 Ra5 14. O-O gxf6 15. a4 Bb7 16. Ne4 Bxe4 17. Qxe4 Qe5 18. Qh4 Qxb2 19. Qc4 Nd7 20. Qc8+ Ke7 21. Rfd1 Ra7 22. Rab1 1-0

[Event "Bern zt"]
[Site "Bern"]
[Date "1990.??.??"]
[Round "12"]
[White "Wahls, Matthias"]
[Black "Brunner, Lucas"]
[Result "1/2-1/2"]
[WhiteElo "2565"]
[BlackElo "2525"]
[PlyCount "40"]
[EventDate "1990.01.??"]
[Source "ChessBase"]

1. e4 c5 2. Nf3 d6 3. d4 cxd4 4. Nxd4 Nf6 5. Nc3 a6 6. Bg5 e6 7. f4 b5 8. e5 dxe5 9. fxe5 Qc7 10. Qe2 Nfd7 11. O-O-O Bb7 12. Qg4 Qxe5 13. Bxb5 axb5 14. Rhe1 h5 15. Qh4 Qc5 16. Qg3 Bc6 17. Bf4 Be7 18. Rxe6 O-O 19. Nb3 Qxc3 20. Qxc3 fxe6 1/2-1/2

[Event "European Town Teams Tournament (CCYB"]
[Site "?"]
[Date "1990.??.??"]
[Round "?"]
[White "Bryson, DM."]
[Black "Zoltai, J."]
[Result "1-0"]
[WhiteElo "2565"]
[BlackElo "2500"]
[PlyCount "109"]
[EventDate "1990.??.??"]
[Source "www.chesslib.no"]
[SourceDate "2004.05.04"]

1. e4 c5 2. Nf3 d6 3. d4 cxd4 4. Nxd4 Nf6 5. Nc3 a6 6. Bg5 e6 7. f4 b5 8. e5 dxe5 9. fxe5 Qc7 10. Qe2 Nfd7 11. O-O-O Bb7 12. Qg4 Qxe5 13. Be2 Bc5 14. Nf3 h5 15. Qh4 Be3+ 16. Kb1 Bxf3 17. Bxe3 Bxe2 18. Bd4 Bxd1 19. Bxe5 Bxc2+ 20. Kxc2 Nxe5 21. Qg5 Nbc6 22. Ne4 Nd4+ 23. Kb1 Nf5 24. Rd1 Ng6 25. Nd6+ Nxd6 26. Rxd6 O-O 27. Qxh5 Rfd8 28. Qf3 Rxd6 29. Qxa8+ Kh7 30. Qb8 Rc6 31. h4 f6 32. g4 Ne5 33. g5 Kg6 34. Qe8+ Kf5 35. Qf8 Nf3 36. a3 a5 37. Qxg7 fxg5 38. h5 Nd2+ 39. Ka2 b4 40. axb4 axb4 41. Qg6+ Kf4 42. b3 Ne4 43. Kb2 Ke3 44. h6 Kd3 45. Kb1 Rc8 46. Qh7 Rf8 47. Qd7+ Ke3 48. Qa7+ Kd3 49. Qa6+ Kd2 50. h7 Nc3+ 51. Kb2 Nd1+ 52. Ka1 Rh8 53. Qb7 Nc3 54. Qg2+ Kc1 55. Qxg5+ 1-0

[Event "Ch (Men) Brno CZE"]
[Site "?"]
[Date "2006.02.10"]
[Round "4"]
[White "Simacek Pavel"]
[Black "Stocek Jiri"]
[Result "0-1"]
[WhiteElo "2480"]
[BlackElo "2580"]
[PlyCount "50"]
[EventDate "2006.??.??"]
[Source "www.chesslib.no"]
[SourceDate "2004.05.04"]

1. e4 c5 2. Nf3 d6 3. d4 cxd4 4. Nxd4 Nf6 5. Nc3 a6 6. Bg5 e6 7. f4 b5 8. a3 Bb7 9. Be2 Be7 10. Bf3 Qc7 11. Qd2 h6 12. Bxf6 Bxf6 13. Ndxb5 axb5 14. Nxb5 Qb6 15. Nxd6+ Kf8 16. Nxb7 Qxb2 17. Qd6+ Be7 18. Qe5 Qxb7 19. O-O Nd7 20. Qc3 Rc8 21. Qb3 Qc7 22. Rad1 g5 23. f5 e5 24. Bh5 Bc5+ 25. Kh1 Nf6 0-1

[Event "Tch (Men) 2005/2006 AUT"]
[Site "?"]
[Date "2006.01.22"]
[Round "8"]
[White "Luther Thomas"]
[Black "Bromberger Stefan"]
[Result "1/2-1/2"]
[WhiteElo "2569"]
[BlackElo "2481"]
[PlyCount "111"]
[EventDate "2006.??.??"]
[Source "www.chesslib.no"]
[SourceDate "2004.05.04"]

1. e4 c5 2. Nf3 d6 3. d4 Nf6 4. Nc3 cxd4 5. Nxd4 a6 6. Bg5 e6 7. f4 b5 8. e5 dxe5 9. fxe5 Qc7 10. exf6 Qe5+ 11. Be2 Qxg5 12. O-O Ra7 13. Qd3 Rd7 14. Ne4 Qe5 15. Nf3 Qxb2 16. Qe3 Bb7 17. a4 Qb4 18. c4 Bxe4 19. Qxe4 gxf6 20. axb5 axb5 21. Qf4 bxc4 22. Qxf6 Rg8 23. Ne5 Bg7 24. Nxd7 Bxf6 25. Nxf6+ Kf8 26. Rab1 Qc5+ 27. Kh1 Kg7 28. Nxg8 Nd7 29. Rbd1 Qc7 30. Nh6 Kxh6 31. Rxf7 Qe5 32. Bxc4 Nf6 33. Re7 Ng4 34. Rxe6+ Qxe6 35. Bxe6 Nf2+ 36. Kg1 Nxd1 37. g3 Nc3 38. Kg2 Ne4 39. Bf5 Nf6 40. Kf3 Kg7 41. Kf4 h6 42. Ke5 Ng8 43. g4 Nf6 44. h3 Ng8 45. h4 Nf6 46. g5 hxg5 47. hxg5 Ng8 48. Kf4 Nh6 49. Be6 Nf7 50. Bxf7 Kxf7 51. Kf5 Kg7 52. g6 Kg8 53. Kg5 Kg7 54. Kh5 Kg8 55. Kh6 Kh8 56. g7+ 1/2-1/2

[Event "Reykjavik"]
[Site "Reykjavik"]
[Date "1989.??.??"]
[Round "?"]
[White "Watson, William N"]
[Black "Hodgson, Julian M"]
[Result "1/2-1/2"]
[WhiteElo "2505"]
[BlackElo "2545"]
[PlyCount "61"]
[EventDate "1989.02.??"]
[Source "ChessBase"]

1. e4 c5 2. d4 cxd4 3. Nf3 d6 4. Nxd4 Nf6 5. Nc3 a6 6. Bg5 e6 7. f4 b5 8. e5 dxe5 9. fxe5 Qc7 10. exf6 Qe5+ 11. Be2 Qxg5 12. Qd3 Qxf6 13. Rf1 Qe5 14. Nf3 Qd6 15. Qe4 Ra7 16. Rd1 Qb4 17. Qe3 Rd7 18. Ne5 Bc5 19. Qg3 O-O 20. Nd3 Rxd3 21. Bxd3 Nd7 22. Rf4 Qxb2 23. Bxh7+ Kxh7 24. Rh4+ Kg8 25. Rg4 g6 26. Rxg6+ fxg6 27. Qxg6+ Kh8 28. Qh6+ Kg8 29. Qg6+ Kh8 30. Qh6+ Kg8 31. Qg6+ 1/2-1/2

[Event "XV Sigeman & Co"]
[Site "Malmo SVE"]
[Date "2007.04.19"]
[Round "2"]
[White "Berg, E."]
[Black "Hermansson, E."]
[Result "1-0"]
[WhiteElo "2574"]
[BlackElo "2475"]
[PlyCount "65"]
[EventDate "2007.04.18"]
[Source "www.chesslib.no"]
[SourceDate "2004.05.04"]

1. e4 c5 2. Nf3 d6 3. d4 cxd4 4. Nxd4 Nf6 5. Nc3 a6 6. Bg5 e6 7. f4 b5 8. a3 Nbd7 9. Bd3 Bb7 10. Qe2 Be7 11. e5 Ng8 12. Nf5 exf5 13. exd6 f6 14. Bxf5 Kf8 15. O-O-O fxg5 16. dxe7+ Qxe7 17. Rxd7 Qxe2 18. Nxe2 Bxg2 19. Rg1 Ne7 20. Rxg2 Nxf5 21. Rxg5 g6 22. Ng3 Nxg3 23. hxg3 Re8 24. Ra7 Re1+ 25. Kd2 Re7 26. Rxa6 Kg7 27. Rd6 Rhe8 28. Kc3 Re2 29. Kb3 R8e3+ 30. Rd3 Rxd3+ 31. cxd3 Re3 32. Kc3 h6 33. Kd2 1-0

[Event "XV Sigeman & Co"]
[Site "Malmo SVE"]
[Date "2007.04.24"]
[Round "7"]
[White "Kotronias, V."]
[Black "Hermansson, E."]
[Result "1-0"]
[WhiteElo "2570"]
[BlackElo "2475"]
[PlyCount "77"]
[EventDate "2007.04.18"]
[Source "www.chesslib.no"]
[SourceDate "2004.05.04"]

1. e4 c5 2. Nf3 d6 3. d4 cxd4 4. Nxd4 Nf6 5. Nc3 a6 6. Bg5 e6 7. f4 b5 8. e5 dxe5 9. fxe5 Qc7 10. Qe2 Nfd7 11. O-O-O Bb7 12. Qg4 Qxe5 13. Be2 Bc5 14. Bf4 Qf6 15. Bg5 Qe5 16. Bf4 Qf6 17. Nb3 Qg6 18. Qh4 Be7 19. Qf2 Qxg2 20. Qe3 b4 21. Rhg1 Qc6 22. Nd4 Qb6 23. Na4 Qa5 24. Nxe6 fxe6 25. Qxe6 Nf8 26. Qe3 Nc6 27. Rxg7 Rd8 28. Re1 Ng6 29. Bf3 Rd7 30. Nc5 Qxa2 31. Nxd7 Qa1+ 32. Kd2 Qxb2 33. Bxc6 Qxg7 34. Nf6+ Kf8 35. Bh6 Bxc6 36. Nh5 Qxh6 37. Qxh6+ Ke8 38. Qg7 Rf8 39. Nf6+ 1-0

[Event "Budapest Nyar-A"]
[Site "Budapest"]
[Date "1998.??.??"]
[Round "2"]
[White "Cao Sang"]
[Black "Gyimesi, Zoltan"]
[Result "1-0"]
[WhiteElo "2495"]
[BlackElo "2525"]
[PlyCount "49"]
[EventDate "1998.??.??"]
[Source "www.chesslib.no"]
[SourceDate "2004.05.04"]

1. e4 c5 2. Nf3 d6 3. d4 cxd4 4. Nxd4 Nf6 5. Nc3 a6 6. Bg5 e6 7. f4 b5 8. e5 dxe5 9. fxe5 Qc7 10. Nf3 b4 11. Nb5 axb5 12. exf6 h6 13. Bh4 g5 14. Bxb5+ Bd7 15. Bg3 Qb6 16. Bd3 Bc5 17. Ne5 Bc6 18. Qe2 Bd4 19. Nc4 Qa7 20. Rf1 h5 21. Bg6 Kf8 22. Bd6+ Kg8 23. Bd3 h4 24. Qg4 Be3 25. Ke2 1-0

[Event "Telechess ol1 7778"]
[Site "telex"]
[Date "1978.??.??"]
[Round "?"]
[White "Stean, Michael F"]
[Black "Sigurjonsson, Gudmundur"]
[Result "0-1"]
[WhiteElo "2510"]
[BlackElo "2500"]
[PlyCount "58"]
[EventDate "1977.??.??"]
[Source "www.chesslib.no"]
[SourceDate "2004.05.04"]

1. e4 c5 2. Nf3 d6 3. d4 cxd4 4. Nxd4 Nf6 5. Nc3 a6 6. Bg5 e6 7. f4 b5 8. e5 dxe5 9. fxe5 Qc7 10. Qe2 Nfd7 11. O-O-O Bb7 12. Qg4 Qxe5 13. Be2 Bc5 14. Bf3 Bxd4 15. Bxb7 Bxc3 16. bxc3 Ra7 17. Rhe1 h5 18. Qh4 Qxc3 19. Re3 Qa1+ 20. Kd2 Qxa2 21. Qb4 f6 22. Qd6 Rxb7 23. Rxe6+ Kd8 24. Bf4 Kc8 25. Rde1 Qa5+ 26. Kc1 Rd8 27. Re8 Qa1+ 28. Kd2 Qxe1+ 29. Kxe1 Rxe8+ 0-1

[Event "Beersheba"]
[Site "Beersheba"]
[Date "1978.??.??"]
[Round "5"]
[White "Liberzon, Vladimir M"]
[Black "Tatai, Stefano"]
[Result "1/2-1/2"]
[WhiteElo "2555"]
[BlackElo "2455"]
[PlyCount "64"]
[EventDate "1978.02.??"]
[Source "ChessBase"]

1. e4 c5 2. Nf3 d6 3. d4 cxd4 4. Nxd4 Nf6 5. Nc3 a6 6. Bg5 e6 7. f4 b5 8. e5 dxe5 9. fxe5 Qc7 10. Qe2 Nfd7 11. O-O-O Bb7 12. Qg4 Qb6 13. Bf4 Nc5 14. Be2 b4 15. Nb1 Nbd7 16. Nd2 Bd5 17. Nc4 Bxc4 18. Bxc4 g6 19. h4 Bg7 20. Rhe1 h5 21. Qe2 Qc7 22. Nf3 Nb6 23. Rd4 O-O 24. Red1 a5 25. g4 hxg4 26. Nh2 Rfd8 27. Nxg4 Rxd4 28. Rxd4 Rd8 29. Nf6+ Kf8 30. Nh7+ Kg8 31. Nf6+ Kf8 32. Nh7+ Kg8 1/2-1/2

[Event "XV Sigeman & Co"]
[Site "Malmo SVE"]
[Date "2007.04.26"]
[Round "9"]
[White "Negi, P."]
[Black "Hermansson, E."]
[Result "1-0"]
[WhiteElo "2515"]
[BlackElo "2475"]
[PlyCount "45"]
[EventDate "2007.04.18"]
[Source "www.chesslib.no"]
[SourceDate "2004.05.04"]

1. e4 c5 2. Nf3 d6 3. d4 cxd4 4. Nxd4 Nf6 5. Nc3 a6 6. Bg5 e6 7. f4 b5 8. e5 dxe5 9. fxe5 Qc7 10. exf6 Qe5+ 11. Be2 Qxg5 12. O-O Ra7 13. Qd3 Rd7 14. Ne4 Qe5 15. Nf3 Qxb2 16. Qe3 Bb7 17. Rab1 Qxc2 18. Nfg5 g6 19. Rbc1 Qa4 20. Nxe6 fxe6 21. f7+ Kd8 22. Qg5+ Re7 23. Qe5 1-0

[Event "Altensteig"]
[Site "Altensteig"]
[Date "1991.??.??"]
[Round "5"]
[White "Luther, Thomas"]
[Black "Stangl, Markus"]
[Result "1-0"]
[WhiteElo "2495"]
[BlackElo "2490"]
[PlyCount "80"]
[EventDate "1991.07.??"]
[Source "ChessBase"]

1. e4 c5 2. Nf3 d6 3. d4 cxd4 4. Nxd4 Nf6 5. Nc3 a6 6. Bg5 e6 7. f4 b5 8. e5 dxe5 9. fxe5 Qc7 10. Qe2 Nfd7 11. O-O-O Nc6 12. Nxc6 Qxc6 13. Qd3 h6 14. Bf4 Bb7 15. Be2 Nc5 16. Qe3 Rc8 17. Rd2 Qb6 18. Qd4 Rd8 19. Qe3 Rxd2 20. Qxd2 b4 21. Nd1 Bxg2 22. Re1 Bb7 23. Ne3 Ne4 24. Qd3 Qd8 25. Nc4 Qxd3 26. Bxd3 Nc5 27. Bf1 Be7 28. Nd6+ Bxd6 29. exd6 Kd7 30. a3 b3 31. Re3 Rc8 32. Be5 f6 33. Bd4 bxc2 34. Rg3 g5 35. b4 Ne4 36. Rh3 Nd2 37. Be2 Ne4 38. Rxh6 Kxd6 39. Bxf6 Nxf6 40. Rxf6 Be4 1-0

[Event "Capablanca mem-A"]
[Site "Cienfuegos"]
[Date "1985.??.??"]
[Round "4"]
[White "Klinger, Josef"]
[Black "Vera, Reynaldo"]
[Result "1-0"]
[WhiteElo "2495"]
[BlackElo "2480"]
[PlyCount "41"]
[EventDate "1985.??.??"]
[Source "ChessBase"]

1. e4 c5 2. Nf3 d6 3. d4 cxd4 4. Nxd4 Nf6 5. Nc3 a6 6. Bg5 e6 7. f4 b5 8. e5 dxe5 9. fxe5 Qc7 10. exf6 Qe5+ 11. Be2 Qxg5 12. Qd3 Qxf6 13. Rf1 Qe5 14. Rd1 Bb4 15. Nxe6 Be7 16. Qd5 Qxe6 17. Qxa8 Nc6 18. Nd5 O-O 19. Nxe7+ Nxe7 20. Qf3 Qe5 21. Qxf7+ 1-0

[Event "Komotini Open"]
[Site "Komotini"]
[Date "1992.??.??"]
[Round "?"]
[White "Tseitlin, Michael S"]
[Black "Zaichik, Gennadi L"]
[Result "0-1"]
[WhiteElo "2495"]
[BlackElo "2475"]
[PlyCount "78"]
[EventDate "1992.08.??"]
[Source "www.chesslib.no"]
[SourceDate "2004.05.04"]

1. e4 c5 2. Nf3 d6 3. d4 Nf6 4. Nc3 cxd4 5. Nxd4 a6 6. Bg5 e6 7. f4 b5 8. e5 dxe5 9. fxe5 Qc7 10. exf6 Qe5+ 11. Be2 Qxg5 12. Qd3 Ra7 13. Ne4 Qe5 14. Nf3 Qxb2 15. O-O Rd7 16. Qe3 Bb7 17. c3 Bxe4 18. fxg7 Bxg7 19. Qxe4 Qa3 20. Kh1 Qc5 21. a4 Bxc3 22. Rad1 Rxd1 23. Rxd1 O-O 24. axb5 axb5 25. h4 b4 26. Ng5 Qf5 27. Qc4 h6 28. Bd3 Qe5 29. Nf3 Qf6 30. Rf1 Qg7 31. Bc2 Nd7 32. g4 Ne5 33. Nxe5 Qxe5 34. g5 hxg5 35. Rg1 Bd2 36. hxg5 Kg7 37. Kg2 Rh8 38. Kf3 Qe3+ 39. Kg2 Rh5 0-1

[Event "BL 0607 OSC Baden Baden - SF Katernberg"]
[Site "Germania"]
[Date "2007.02.25"]
[Round "11.7"]
[White "Souleidis, Georgios"]
[Black "Schlosser, Philipp"]
[Result "1/2-1/2"]
[WhiteElo "2407"]
[BlackElo "2554"]
[PlyCount "102"]
[EventDate "2006.10.28"]
[Source "www.chesslib.no"]
[SourceDate "2004.05.04"]

1. e4 c5 2. Nf3 d6 3. d4 cxd4 4. Nxd4 Nf6 5. Nc3 a6 6. Bg5 e6 7. f4 b5 8. e5 dxe5 9. fxe5 Qc7 10. exf6 Qe5+ 11. Be2 Qxg5 12. O-O Qe5 13. Kh1 Ra7 14. fxg7 Bxg7 15. Nf3 Qf4 16. Bd3 O-O 17. Ne4 f5 18. Ng3 Bxb2 19. Rb1 Bh8 20. Nd2 Qh6 21. a4 Rg7 22. Qe1 Rg6 23. Nf3 Nc6 24. axb5 axb5 25. Rxb5 Nd4 26. Rb4 Rg4 27. c3 Nxf3 28. Rxf3 Rxb4 29. cxb4 Bb7 30. Nxf5 Rxf5 31. Bxf5 exf5 32. Qe8+ Qf8 33. Qxf8+ Kxf8 34. Rxf5+ Ke7 35. Ra5 Kd6 36. Rh5 Be4 37. Ra5 Bd4 38. Ra6+ Kc7 39. b5 Bb6 40. Ra4 Bd3 41. Rh4 Kd6 42. Rb4 Kc5 43. Rb3 Kc4 44. Rb2 Kc3 45. Ra2 Bc5 46. Ra8 Bxb5 47. Rd8 Bd3 48. h3 Kd2 49. Kh2 Ke3 50. g4 Bg6 51. Kg3 Bb4 1/2-1/2

[Event "Teheran zt 3.1a"]
[Site "Teheran"]
[Date "2001.04.08"]
[Round "6"]
[White "Hakki, Imad"]
[Black "Ghaem Maghami, Ehsan"]
[Result "1/2-1/2"]
[WhiteElo "2440"]
[BlackElo "2504"]
[PlyCount "24"]
[EventDate "2001.04.05"]
[Source "ChessBase"]
[SourceDate "2001.05.06"]

1. e4 c5 2. Nf3 d6 3. d4 cxd4 4. Nxd4 Nf6 5. Nc3 a6 6. Bg5 e6 7. f4 b5 8. e5 dxe5 9. fxe5 Qc7 10. Qe2 Nfd7 11. O-O-O Bb7 12. Nxe6 fxe6 1/2-1/2